000
00354nam a2200169Ia 4500
100
_a
University of Mumbai
650
_a
VLSI
942
_c
BK
366
_f
20
654
_a
CMOS.vlsi
245
_a
CMOS VLSI Design
260
_b
Pearson Education
_a
Mumbai
_c
2006
082
_a
621.395/WES
_b
WES
300
_a
657
546
_a
ENGLISH
999
_c
26914
_d
26914